| 000 | | | 03914nac2a22002653x 450 |
| 001 | | | a5dcee84-3acd-419a-91c7-86291d5c5f26 |
| 005 | | | 20230624102734.0 |
| 100 | ## | $a | 20230605l19291929k y0rusy50 ca |
| 101 | 0# | $a | rus |
| 102 | ## | $a | RU |
| 105 | ## | $a | y z ||||| |
| 122 | 2# | $a | d19290629 |
| | $a | d19291218 |
| 200 | 1# | $a | О пополнении состава Центральной Бюджетной Комиссии при НКЗдраве |
| | $j | 29.06.1929 - 18.12.1929 |
| 215 | ## | $a | 6 листов |
| | $d | 36,7 х 23, 2 |
| 251 | ## | $c | Дело |
| 300 | ## | $a | В деле обратная нумерация |
| 300 | ## | $a | Часть текста машинописная и рукописная, часть - напечатана типографским способом |
| 324 | ## | $a | В деле имеются копии отдельных документов |
| 461 | #0 | $1 | 001796d4672-8a00-4986-b488-6e42273792cc |
| | $1 | 2001 |
| | $a | ЦЕНТРАЛЬНЫЙ ИСПОЛНИТЕЛЬНЫЙ КОМИТЕТ СССР (ЦИК СССР). |
| | $1 | 251 |
| | $c | Фонд |
| | $1 | 852 |
| | $g | Р |
| | $j | 3316 |
| 462 | #0 | $1 | 0016e6e8ba4-e15f-4ad4-8937-f1e88c150bfe |
| | $1 | 2001 |
| | $a | Дела Секретариата Президиума ЦИК Союза ССР. 1929 г. |
| | $v | Д. 32 |
| | $1 | 251 |
| | $c | Опись |
| | $1 | 852 |
| | $j | 22 |
| 601 | 01 | $3 | RU\NLR\AUTH\880357276 |
| | $a | СССР |
| | $b | ЦИК |
| 601 | 02 | $a | СССР. Народный комиссариат здравоохранения. Центральная бюджетная комиссия |
| 801 | #0 | $a | RU |
| | $b | GA_RF |
| 801 | #1 | $a | RU |
| | $b | ГлавНИВЦ |
| | $c | 20230605 |
| | $2 | rusmarc |
| 801 | #2 | $a | RU |
| | $b | ПБ им. Б.Н. Ельцина |
| | $c | 20230624 |
| | $g | RCR |
| | $2 | rusmarc |
| 852 | ## | $a | ГА РФ |
| | $j | 32 |
| 937 | ## | $d | 185701670 |
| | $h | ГАРФ |
| 035 | ## | $a | RuPRLIB51071841 |
| 856 | ## | $u | http://readingroom.main.prlib.ru/item.aspx?id_node=n185701670&mode=full |